004660000a2200073000450024500420000030000450004252002560008777300490034310aCapital Humano para la Competitividad aVol.0, núm.12 (Mayo, 2009); Pág. 3-4 aLa necesidad de articular el sistema de educación media y superior con una estrategía global de competitividad para aumentar la productividad de Colombia ante el mundo es el llamado de la Comisión Nacional de Competitividad al sistema educativo.0 tEducación superior : Boletín informativo